000 01174nam a22003497a 4500
003 CHAP
005 20220329140602.0
008 971013s1940 r 00010 d
010 _a54324
011 _a55296
035 _a59448
040 _cCHAP
082 _a633
_bW5
100 0 0 _aWilson, Harold Kirby.
_9122199
245 _aIdentification and judging of crops, weeds, and diseases
260 _aDanville, Ill. :
_bInterstate,
_c1940
300 _a65 p.
590 _aBATCH-UPD
_b10
_c20130110
_lUCH01
_h0415
590 _aBATCH-UPD
_b10
_c20130110
_lUCH01
_h2009
590 _aBATCH-UPD
_b10
_c20130410
_lUCH01
_h0050
590 _aBATCH-UPD
_b10
_c20130914
_lUCH01
_h1119
590 _aCONVERSION
_b10
_c20130109
_lUCH01
_h1329
650 1 4 _aCultivos
_xIdentificación.
_930282
650 1 4 _aFitopatología.
_941161
650 1 4 _aMalas hierbas
_xIdentificación.
_970020
700 0 _aLarson, Alvin H.
_964976
901 _aBK
942 _cLIBRO
949 _a633 W5
_bBC
_cC
_d33724000570461
_eC
_h52709
_i59448
_si
_t138.00
949 _a633 W5
_bBC
_cC
_d33724000570479
_eC
_fc.3
_h52711
_i59448
_si
_t138.00
949 _a633 W5
_bBC
_cC
_d33724002311967
_eC
_fc.2
_i59448
_sb
_t138.00
999 _c54324
_d54324